000 00617nam a22001817a 4500
003 UA-OsUOA
001 15496
007 ta
008 20031112b un ||||| |||| 00| 0 ukr d
100 _aМатвіїв А.
942 _cSA
040 _aUA-OsUOA
_cUA-OsUOA
_dUA-OsUOA
245 _aДубно на вухах [, де відбувся відроджений фест. укр. альтернатив. музики "Тарас Бульба"]
300 _aС.3
955 _a0
773 0 _w0
_tРівне вечірнє
_dРівне
_d2003
_g№50/15 лип./
650 7 _aКраєзнавча робота
_2UDC
999 _c301661
_d301661